| 000 | 00496nam a2200169Ia 4500 | ||
|---|---|---|---|
| 008 | 230718s9999 xx 000 0 und d | ||
| 041 | _aeng | ||
| 082 |
_a005.245 _bZIL |
||
| 100 |
_aZilenga D.G. _9158039 |
||
| 245 | _aPractical Guide To Programming And Operations | ||
| 260 |
_c1993 _bShroff Publishers And Distributors |
||
| 300 |
_a243 _dRef 30 C (3010) |
||
| 365 |
_cRs. _b185.00 |
||
| 500 | _a3O C | ||
| 700 |
_aZilenga D. G. & Lenzycki _9185236 |
||
| 906 |
_dB:73518-Jan-1994 _cCOMP _b27.75 |
||
| 999 |
_c291909 _d291909 |
||